| 000 | 00454nam a22001817a 4500 | ||
|---|---|---|---|
| 003 | CEME | ||
| 005 | 20210628202146.0 | ||
| 008 | 210128b xxu||||| |||| 00| 0 eng d | ||
| 020 | _a1-896503-81-0 | ||
| 040 | _c. | ||
| 082 | _a641.692 BUR | ||
| 100 |
_aBurkhard, Johanna,Burkhard, Johanna _958505 |
||
| 245 | _aFast & easy cooking | ||
| 260 |
_aNEW YORK _bROBERT _c1998 |
||
| 300 | _a191P | ||
| 650 |
_aFAST & EASY COOKING _958506 |
||
| 942 |
_cBK _2ddc |
||
| 999 |
_c568696 _d568696 |
||